| 000 | 01226cam a2200397Ka 4500 | ||
|---|---|---|---|
| 001 | 89419 | ||
| 005 | 20230411090047.0 | ||
| 008 | 000107s1975 fr a 001 0 fre d | ||
| 035 | _a(OCoLC)ocm43191668 | ||
| 040 |
_aFAS _bfre _cFAS _dLVB _dOCLCQ _dU9S _dRUQBL |
||
| 020 | _a202004238X | ||
| 020 | _a9782020042383 | ||
| 029 | 1 |
_aZWZ _b000104426 |
|
| 035 | _a(OCoLC)43191668 | ||
| 055 | 0 | 0 |
_aQB 44.2 _bJ39d 1975 |
| 082 | 0 | 4 |
_a520 _221 |
| 049 | _aGRAL | ||
| 100 | 1 |
_aJastrow, Robert, _d1925-2008. |
|
| 245 | 1 | 0 |
_aDes astres, de la vie et des hommes / _cRobert Jastrow ; trad. de l'américain par Chantal de Richemont. |
| 260 |
_a[Paris] : _bÉditions du Seuil, _cc1975. |
||
| 300 |
_a248 p. : _bill. ; _c18 cm. |
||
| 440 | 0 |
_aPoints. _pSciences ; _vS2 |
|
| 500 | _aTraducido de : Red giants and white dwarfs. | ||
| 504 | _aIndex. | ||
| 650 | 7 |
_aAstronomie. _2ram |
|
| 650 | 0 |
_aAstronomy _vPopular works. |
|
| 650 | 4 | _aAstronomía. | |
| 650 | 7 |
_aVie (biologie) _xOrigines. _2ram |
|
| 650 | 7 |
_aévolution (biologie) _2ram |
|
| 650 | 6 |
_aAstronomie _vOuvrages de vulgarisation. |
|
| 650 | 6 |
_aVie _xOrigines. |
|
| 700 | 1 |
_aRichemont, Chantal de, _etrad. |
|
| 942 |
_2lcc _cbk |
||
| 994 |
_aC0 _bDRFGD |
||
| 946 | _alrm | ||
| 999 |
_c111792 _d111792 |
||